[Event "EWICC 2019"]
[Site "Antalya"]
[Date "2019.04.16"]
[Round "6.17"]
[White "Mammadova, Gulnar"]
[Black "Cramling, Pia"]
[Result "1/2-1/2"]
[WhiteElo "2349"]
[BlackElo "2460"]
[Annotator "ChessBase"]
[PlyCount "132"]
[EventDate "2019.04.11"]
[EventType "swiss"]
[EventCountry "TUR"]
[SourceTitle "playchess.com"]
[Source "ChessBase"]
[SourceQuality "1"]

1. e4 c5 2. c3 Nf6 3. e5 Nd5 4. Nf3 Nc6 5. d4 cxd4 6. cxd4 d6 7. Bc4 Nb6 8. Bb5 dxe5 9. Nxe5 Bd7 10. Nxd7 Qxd7 11. O-O e6 12. Nc3 Rd8 13. Be3 Be7 14. Qg4 O-O 15. Rfd1 f5 16. Qg3 Nd5 17. Nxd5 Qxd5 18. Bxc6 bxc6 19. Qe5 Bf6 20. Qxd5 Rxd5 21. g3 Rb8 22. Rab1 Kf7 23. Rdc1 Rb6 24. Rc4 Ra6 25. a4 Ke7 26. h4 Kd7 27. Kf1 Rb6 28. b3 h6 29. Ke2 Rb8 30. Rbc1 Rxb3 31. Rxc6 Bd8 32. R1c4 Ra3 33. Bf4 g5 34. hxg5 hxg5 35. Bc7 Rxa4 36. Rxa4 Kxc6 37. Bxd8 Rxd8 38. Rxa7 Rxd4 39. Rg7 g4 40. Ra7 Rb4 41. Ra2 Kd5 42. Kd3 Rb3+ 43. Ke2 Rc3 44. Kd2 Rb3 45. Ke2 e5 46. Ra5+ Kd4 47. Ra4+ Kc5 48. Ra8 Rc3 49. Rf8 Rf3 50. Rd8 Kc6 51. Ra8 f4 52. gxf4 Rxf4 53. Ra5 Kd6 54. Ra6+ Kd5 55. Ra5+ Ke4 56. Ra8 Rf6 57. Ra4+ Kf5 58. Ra8 Rb6 59. Rf8+ Ke4 60. Rg8 Rb2+ 61. Kf1 Kf5 62. Rf8+ Ke6 63. Kg2 Rb3 64. Rg8 Kf5 65. Rf8+ Ke4 66. Rg8 Kf4 1/2-1/2

[Event "EWICC 2019"]
[Site "Antalya"]
[Date "2019.04.16"]
[Round "6.18"]
[White "Batsiashvili, Nino"]
[Black "Majdan, Joanna"]
[Result "1/2-1/2"]
[WhiteElo "2453"]
[BlackElo "2377"]
[Annotator "ChessBase"]
[PlyCount "83"]
[EventDate "2019.04.11"]
[EventType "swiss"]
[EventCountry "TUR"]
[SourceTitle "playchess.com"]
[Source "ChessBase"]
[SourceQuality "1"]

1. d4 d6 2. c4 g6 3. Nc3 Nd7 4. e4 Bg7 5. Be3 c5 6. Nf3 cxd4 7. Nxd4 Ngf6 8. Be2 O-O 9. h3 Nc5 10. Qc2 a5 11. O-O Bd7 12. Rad1 Ne8 13. Nd5 Rc8 14. Nb3 b6 15. Nxc5 bxc5 16. Bg5 f6 17. Bd2 e6 18. Nc3 f5 19. Bf3 Rb8 20. b3 Qh4 21. Nb5 Bc6 22. Bxa5 fxe4 23. g3 Qxh3 24. Bxe4 Bxe4 25. Qxe4 d5 26. Qg2 Qg4 27. Rde1 Nf6 28. Nc7 Ne4 29. cxd5 exd5 30. Nxd5 Rbe8 31. Nf4 Bd4 32. Rxe4 Rxe4 33. Qxe4 Qxg3+ 34. Ng2 Bxf2+ 35. Rxf2 Qxf2+ 36. Kh2 Rf5 37. Bd8 Qxa2 38. Qe6+ Kg7 39. Qe7+ Kg8 40. Qe6+ Kg7 41. Qe7+ Kg8 42. Qe6+ 1/2-1/2

[Event "EWICC 2019"]
[Site "Antalya"]
[Date "2019.04.16"]
[Round "6.19"]
[White "Injac, Teodora"]
[Black "Socko, Monika"]
[Result "1/2-1/2"]
[WhiteElo "2310"]
[BlackElo "2447"]
[Annotator "NA"]
[PlyCount "89"]
[EventDate "2019.04.11"]
[EventType "swiss"]
[EventCountry "TUR"]
[SourceTitle "playchess.com"]
[Source "ChessBase"]
[SourceQuality "1"]

1. d4 Nf6 2. Nf3 c5 3. d5 d6 4. Nc3 e6 5. e4 exd5 6. Nxd5 Nxd5 7. Qxd5 Be7 8. Bc4 O-O 9. O-O Nc6 10. c3 Bg4 11. Qd3 Qb6 12. Bd5 Rad8 13. h3 Be6 14. Bf4 Bf6 15. Rab1 Rd7 16. Rfd1 Rfd8 17. Bg5 Bxg5 18. Bxe6 fxe6 19. Nxg5 Ne5 20. Qg3 Re8 21. f4 Nf7 22. c4 Qc6 23. Re1 Nxg5 24. Qxg5 Qa4 25. Qh5 Rf8 26. b3 Qxa2 27. Qg4 Re7 28. Qg3 Qd2 29. Rbd1 Qxf4 30. Qxf4 Rxf4 31. Rxd6 Kf7 32. e5 Rd4 33. Rxd4 cxd4 34. Kf2 Kg6 35. Ke2 Rf7 36. Kd3 Rf2 37. Kxd4 Rxg2 38. Kc5 Kf5 39. Ra1 Rb2 40. Kd6 Rxb3 41. Rf1+ Ke4 42. Re1+ Kf5 43. Rf1+ Ke4 44. Re1+ Kf5 45. Rf1+ 1/2-1/2

[Event "EWICC 2019"]
[Site "Antalya"]
[Date "2019.04.16"]
[Round "6.20"]
[White "Bulmaga, Irina"]
[Black "Doluhanova, Evgeniya"]
[Result "1/2-1/2"]
[WhiteElo "2438"]
[BlackElo "2339"]
[Annotator "NA"]
[PlyCount "112"]
[EventDate "2019.04.11"]
[EventType "swiss"]
[EventCountry "TUR"]
[SourceTitle "playchess.com"]
[Source "ChessBase"]
[SourceQuality "1"]

1. e4 e5 2. Nf3 Nc6 3. Nc3 Nf6 4. Bb5 Bb4 5. O-O O-O 6. d3 Nd4 7. Bc4 Nxf3+ 8. Qxf3 c6 9. Bg5 Be7 10. Bb3 d6 11. h3 Nd7 12. Be3 Nc5 13. Bxc5 dxc5 14. Nd1 Bg5 15. Ne3 Qf6 16. Qxf6 Bxf6 17. Ng4 Bxg4 18. hxg4 Rad8 19. a4 b6 20. Bc4 Rd7 21. g3 Rb8 22. Rae1 a6 23. f4 b5 24. axb5 axb5 25. Bb3 h6 26. Rf3 Rbb7 27. g5 hxg5 28. fxg5 Bxg5 29. Rf5 Bd2 30. Re2 c4 31. dxc4 bxc4 32. Bxc4 Rxb2 33. Bb3 Bc3 34. Kg2 Kf8 35. Ref2 f6 36. g4 Rd1 37. g5 Bd4 38. Rf1 Rxf1 39. Rxf1 Ke7 40. gxf6+ gxf6 41. Kf3 c5 42. Rc1 Kd6 43. Ke2 f5 44. exf5 e4 45. Kd2 Ke5 46. Rf1 Kf6 47. Bd5 e3+ 48. Kd3 e2 49. Rc1 Kxf5 50. Bb3 Kf4 51. Kxe2 Ke4 52. Kf1 Ke3 53. Re1+ Kd2 54. Re2+ Kc3 55. Be6 Rb6 56. Kg2 Rb1 1/2-1/2

[Event "EWICC 2019"]
[Site "Antalya"]
[Date "2019.04.16"]
[Round "6.21"]
[White "Hoang, Thanh Trang"]
[Black "Worek, Joanna"]
[Result "1/2-1/2"]
[WhiteElo "2435"]
[BlackElo "2299"]
[Annotator "NA"]
[PlyCount "90"]
[EventDate "2019.04.11"]
[EventType "swiss"]
[EventCountry "TUR"]
[SourceTitle "playchess.com"]
[Source "ChessBase"]
[SourceQuality "1"]

1. d4 d5 2. Nf3 Nf6 3. e3 Bg4 4. c4 e6 5. Qb3 Qc8 6. Nc3 c6 7. Nh4 Be7 8. h3 Bh5 9. g4 Bg6 10. Nxg6 hxg6 11. Bg2 Nbd7 12. g5 Nh5 13. h4 Nb6 14. cxd5 exd5 15. Bh3 Qc7 16. Qc2 O-O 17. Bd2 a5 18. O-O Qd6 19. Be1 Rae8 20. Nd1 Nc4 21. b3 Na3 22. Qd3 Bd8 23. Rc1 Re4 24. f3 Re7 25. f4 Rfe8 26. Kg2 Bc7 27. Bd2 Qd8 28. Nc3 Bd6 29. Bg4 Bb4 30. Rf3 Bxc3 31. Rxc3 a4 32. bxa4 Nc4 33. Rb3 Qa8 34. a5 Nxe3+ 35. Bxe3 Rxe3 36. Qxe3 Rxe3 37. Rbxe3 Qxa5 38. Re8+ Kh7 39. f5 Qd2+ 40. Rf2 Qxd4 41. fxg6+ fxg6 42. Be6 Qe4+ 43. Kg1 Qe1+ 44. Kg2 Qe4+ 45. Kg1 Qe1+ 1/2-1/2

[Event "EWICC 2019"]
[Site "Antalya"]
[Date "2019.04.16"]
[Round "6.22"]
[White "Exler, Veronika"]
[Black "Zawadzka, Jolanta"]
[Result "0-1"]
[WhiteElo "2289"]
[BlackElo "2418"]
[Annotator "NA"]
[PlyCount "102"]
[EventDate "2019.04.11"]
[EventType "swiss"]
[EventCountry "TUR"]
[SourceTitle "playchess.com"]
[Source "ChessBase"]
[SourceQuality "1"]

1. d4 d5 2. c4 e6 3. Nf3 Nf6 4. g3 dxc4 5. Bg2 a6 6. O-O b5 7. a4 Bb7 8. b3 cxb3 9. Qxb3 b4 10. a5 Be7 11. Bd2 Bd5 12. Qa4+ Bc6 13. Qb3 Qd5 14. Qb2 Qb5 15. Rc1 O-O 16. Bf1 Nfd7 17. Bf4 Qb7 18. Nbd2 Rc8 19. Rab1 h6 20. h4 f5 21. Ne1 Bd5 22. Nd3 Nc6 23. Nb3 Rab8 24. Nbc5 Nxc5 25. Nxc5 Bxc5 26. Rxc5 b3 27. Rbc1 Rd8 28. f3 Rbc8 29. Bg2 Qb4 30. e4 Qxd4+ 31. Qxd4 Nxd4 32. exd5 Ne2+ 33. Kf2 Nxc1 34. Bxc1 Rxd5 35. Rxd5 exd5 36. f4 c6 37. Bb2 Kf7 38. Ke3 Ke6 39. Kd4 c5+ 40. Kc3 Rb8 41. Bf1 c4 42. h5 Rb5 43. Bh3 Rxa5 44. g4 Ra2 45. gxf5+ Kf7 46. Bg2 d4+ 47. Kxd4 Rxb2 48. Bd5+ Kf6 49. Bxc4 Rf2 50. Bxa6 b2 51. Bd3 Rd2 0-1

[Event "EWICC 2019"]
[Site "Antalya"]
[Date "2019.04.16"]
[Round "6.23"]
[White "Mamedjarova, Turkan"]
[Black "Buksa, Nataliya"]
[Result "1/2-1/2"]
[WhiteElo "2256"]
[BlackElo "2407"]
[Annotator "NA"]
[PlyCount "88"]
[EventDate "2019.04.11"]
[EventType "swiss"]
[EventCountry "TUR"]
[SourceTitle "playchess.com"]
[Source "ChessBase"]
[SourceQuality "1"]

1. d4 Nf6 2. c4 e6 3. Nc3 Bb4 4. Qc2 d5 5. cxd5 exd5 6. Bg5 h6 7. Bxf6 Qxf6 8. e3 Bf5 9. Bd3 Bxd3 10. Qxd3 c6 11. Nf3 Nd7 12. O-O O-O 13. a3 Bd6 14. e4 dxe4 15. Nxe4 Qf5 16. Rad1 Bc7 17. d5 cxd5 18. Qxd5 Qxd5 19. Rxd5 Rad8 20. Rfd1 Nb6 21. Rxd8 Rxd8 22. Rxd8+ Bxd8 23. Nd6 Bc7 24. Nb5 Bb8 25. b3 Nd5 26. g3 Kf8 27. Kf1 a6 28. Nbd4 Bd6 29. a4 Nc3 30. Nf5 Bb4 31. Ne5 h5 32. Nd3 Ba3 33. Ke1 Nd5 34. Kd2 Nc7 35. Kc3 g6 36. Ne3 Bd6 37. b4 Ke7 38. Kd4 Kd7 39. Nc4 Ne6+ 40. Kd5 Nc7+ 41. Kd4 Ne6+ 42. Kd5 Nc7+ 43. Kd4 Ne6+ 44. Ke4 Ke7 1/2-1/2

[Event "EWICC 2019"]
[Site "Antalya"]
[Date "2019.04.16"]
[Round "6.24"]
[White "Osmak, Iulija"]
[Black "Sargsyan, Anna M."]
[Result "1-0"]
[WhiteElo "2399"]
[BlackElo "2327"]
[Annotator "NA"]
[PlyCount "125"]
[EventDate "2019.04.11"]
[EventType "swiss"]
[EventCountry "TUR"]
[SourceTitle "playchess.com"]
[Source "ChessBase"]
[SourceQuality "1"]

1. d4 d5 2. c4 c6 3. cxd5 cxd5 4. Nc3 Nf6 5. Bf4 Nc6 6. e3 Bf5 7. Qb3 Na5 8. Qa4+ Bd7 9. Qc2 e6 10. Bd3 Rc8 11. Nf3 Bb4 12. O-O Nc4 13. a3 Bxc3 14. bxc3 h6 15. Ne5 b5 16. Bxc4 bxc4 17. Rfb1 Qa5 18. Rb7 Ba4 19. Qb2 O-O 20. Qb4 Qa6 21. Qe7 Rce8 22. Qc7 Rc8 23. Rxa7 Qb5 24. Qe7 Qb2 25. Rf1 Rce8 26. Qb4 Bb3 27. Nd7 Nxd7 28. Rxd7 Ra8 29. Bd6 Rfd8 30. Rxd8+ Rxd8 31. a4 Qa2 32. a5 Bc2 33. Qa3 Qxa3 34. Bxa3 Ra8 35. Bb4 f6 36. Ra1 Ra6 37. Bc5 Kf7 38. Bb6 e5 39. f3 exd4 40. Bxd4 Ke6 41. Bc5 h5 42. Kf2 Kd7 43. Kg3 Kc6 44. Bd4 Kb5 45. Bb6 Ra8 46. Ra2 Bb3 47. Rd2 Kc6 48. Kf4 g6 49. h4 Ba4 50. Ra2 Kb5 51. Rd2 Kc6 52. Ra2 Kb5 53. Rb2+ Kc6 54. Bd4 Bb3 55. Bb6 Kd6 56. Re2 Bd1 57. Rd2 Ba4 58. Ra2 Bb5 59. Bd4 Ke6 60. Rb2 Bc6 61. Rb6 Kd7 62. a6 Kc7 63. a7 1-0

[Event "EWICC 2019"]
[Site "Antalya"]
[Date "2019.04.16"]
[Round "6.25"]
[White "Mkrtchian, Lilit"]
[Black "Babiy, Olga"]
[Result "1-0"]
[WhiteElo "2397"]
[BlackElo "2289"]
[Annotator "TA"]
[PlyCount "147"]
[EventDate "2019.04.11"]
[EventType "swiss"]
[EventCountry "TUR"]
[SourceTitle "playchess.com"]
[Source "ChessBase"]
[SourceQuality "1"]

1. Nf3 d5 2. g3 Nf6 3. Bg2 e6 4. O-O Be7 5. c4 O-O 6. d4 dxc4 7. Qa4 a6 8. Qxc4 b5 9. Qc2 Bb7 10. Bd2 Be4 11. Qc1 c6 12. Be3 Nbd7 13. Nc3 Bg6 14. Rd1 Rc8 15. Bg5 b4 16. Nb1 c5 17. Bxf6 Bxf6 18. Qd2 Qe7 19. a3 Nb6 20. e3 cxd4 21. Nxd4 Bxd4 22. exd4 a5 23. axb4 axb4 24. Qe3 Bc2 25. Rc1 Nc4 26. Qe2 b3 27. Nd2 Nxd2 28. Qxd2 Rfd8 29. Ra4 Qf6 30. Qe3 Qf5 31. Rca1 g6 32. Rb4 Rd7 33. h4 Rcd8 34. Raa4 h5 35. Kh2 Qf6 36. Kg1 Qf5 37. Kh2 Bd1 38. Be4 Qf6 39. Bg2 Rc7 40. Ra1 Bc2 41. Ra5 Rcd7 42. Raa4 Kh7 43. Kg1 Rc7 44. Ra5 Qe7 45. Rc5 Kg8 46. Qe5 Rcd7 47. Rcb5 Qd6 48. Qf6 Qf8 49. Rb7 Qg7 50. Qxg7+ Kxg7 51. Rxd7 Rxd7 52. Bc6 Rc7 53. d5 Kf6 54. f4 e5 55. Kf2 exf4 56. gxf4 Kf5 57. Rd4 Be4 58. Ke3 Rxc6 59. dxc6 Bxc6 60. Rb4 Kg4 61. f5+ Kxf5 62. Rxb3 Ke5 63. Rc3 Bd5 64. b4 f6 65. b5 Kd6 66. Rc8 Kd7 67. Rf8 g5 68. hxg5 fxg5 69. Rf5 Kd6 70. Kd4 Bh1 71. Rxg5 Bf3 72. Rg7 Ba8 73. Rh7 Bf3 74. b6 1-0

[Event "EWICC 2019"]
[Site "Antalya"]
[Date "2019.04.16"]
[Round "6.26"]
[White "Olsarova, Karolina"]
[Black "Melia, Salome"]
[Result "1/2-1/2"]
[WhiteElo "2264"]
[BlackElo "2393"]
[Annotator "NA"]
[PlyCount "40"]
[EventDate "2019.04.11"]
[EventType "swiss"]
[EventCountry "TUR"]
[SourceTitle "playchess.com"]
[Source "ChessBase"]
[SourceQuality "1"]

1. e4 g6 2. d4 Bg7 3. Nc3 d6 4. Be3 c6 5. Qd2 b5 6. f3 Nf6 7. g4 Nbd7 8. g5 Nh5 9. Nge2 e5 10. d5 c5 11. Nxb5 Nb6 12. Qa5 O-O 13. Ng3 Nf4 14. h4 f6 15. h5 fxg5 16. hxg6 Nxg6 17. Be2 Nf4 18. Bf1 Ng6 19. Be2 Nf4 20. Bf1 Ng6 1/2-1/2

[Event "EWICC 2019"]
[Site "Antalya"]
[Date "2019.04.16"]
[Round "6.27"]
[White "Abdulla, Khayala"]
[Black "Badelka, Olga"]
[Result "0-1"]
[WhiteElo "2228"]
[BlackElo "2381"]
[Annotator "NA"]
[PlyCount "116"]
[EventDate "2019.04.11"]
[EventType "swiss"]
[EventCountry "TUR"]
[SourceTitle "playchess.com"]
[Source "ChessBase"]
[SourceQuality "1"]

1. e4 c5 2. Nc3 Nc6 3. Nge2 e5 4. g3 d6 5. Bg2 Nge7 6. d3 g6 7. Bg5 Bg7 8. Nd5 h6 9. Bf6 O-O 10. Nec3 Bxf6 11. Nxf6+ Kg7 12. Nfd5 f5 13. exf5 Bxf5 14. O-O Qd7 15. Nxe7 Nxe7 16. f4 exf4 17. Rxf4 Bh3 18. Bxh3 Qxh3 19. Qf3 Rxf4 20. Qxf4 Qe6 21. Rf1 Nf5 22. Ne4 Rd8 23. c3 Ne7 24. g4 Nd5 25. Qg3 g5 26. Rf5 Nf4 27. Qf3 d5 28. Ng3 Qe1+ 29. Qf1 Re8 30. Nh5+ Nxh5 31. Rf7+ Kg6 32. gxh5+ Kxh5 33. Rxb7 Re2 34. Qxe1 Rxe1+ 35. Kf2 Rb1 36. a4 a5 37. Rb6 d4 38. cxd4 cxd4 39. Kg3 Rd1 40. Rb3 Rg1+ 41. Kf2 Ra1 42. Kg3 Rxa4 43. Rb5 Ra1 44. Rd5 Rg1+ 45. Kf2 Rb1 46. Rxd4 Rxb2+ 47. Kg3 Rb3 48. Kh3 Rb4 49. Rd6 a4 50. Kg2 a3 51. Ra6 Rb3 52. d4 Kg4 53. Kf2 Kf4 54. Rf6+ Ke4 55. Rxh6 Kxd4 56. Rg6 Kc3 57. Rxg5 a2 58. Ra5 Kb2 0-1

[Event "EWICC 2019"]
[Site "Antalya"]
[Date "2019.04.16"]
[Round "6.28"]
[White "Dzagnidze, Nana"]
[Black "Ghukasyan, Siranush"]
[Result "1-0"]
[WhiteElo "2513"]
[BlackElo "2201"]
[Annotator "ChessBase"]
[PlyCount "87"]
[EventDate "2019.04.11"]
[EventType "swiss"]
[EventCountry "TUR"]
[SourceTitle "playchess.com"]
[Source "ChessBase"]
[SourceQuality "1"]

1. b3 e5 2. Bb2 Nc6 3. e3 Nf6 4. Nf3 e4 5. Ng1 Be7 6. c4 O-O 7. Nc3 Re8 8. Nge2 Bb4 9. Ng3 Bxc3 10. Bxc3 d5 11. cxd5 Nxd5 12. Bb2 Ndb4 13. Qb1 Ne5 14. Bxe5 Rxe5 15. a3 Nd3+ 16. Bxd3 exd3 17. O-O a5 18. Rc1 Ra6 19. Rc3 Rd6 20. Qf1 b6 21. b4 f5 22. Rac1 Rd7 23. Qd1 Bb7 24. Qb3+ Kh8 25. Qc4 g6 26. Qf4 Qe7 27. bxa5 bxa5 28. h4 Kg7 29. Qa4 Qd6 30. Qxd7+ Qxd7 31. Rxc7 Re7 32. Rxd7 Rxd7 33. Rc5 a4 34. Rc4 Bd5 35. Rxa4 Bb3 36. Rd4 Rxd4 37. exd4 Kf6 38. f4 Ke6 39. Kf2 Kd5 40. Ke3 Kc4 41. Nf1 Ba4 42. Nh2 Kb3 43. Nf3 Kxa3 44. d5 1-0

[Event "EWICC 2019"]
[Site "Antalya"]
[Date "2019.04.16"]
[Round "6.29"]
[White "Shuvalova, Polina"]
[Black "Osmanodja, Filiz"]
[Result "1-0"]
[WhiteElo "2457"]
[BlackElo "2292"]
[Annotator "ChessBase"]
[PlyCount "81"]
[EventDate "2019.04.11"]
[EventType "swiss"]
[EventCountry "TUR"]
[SourceTitle "playchess.com"]
[Source "ChessBase"]
[SourceQuality "1"]

1. e4 c5 2. Nf3 d6 3. Bb5+ Nd7 4. Ba4 Ngf6 5. O-O a6 6. c4 Nxe4 7. Re1 Nef6 8. d4 cxd4 9. Nxd4 g6 10. Bf4 e5 11. Nc3 Bg7 12. Nc6 bxc6 13. Qxd6 Qe7 14. Qxc6 O-O 15. Qxa8 Qb4 16. Be3 Qxb2 17. Nd5 Qa3 18. Qc6 Nxd5 19. cxd5 e4 20. Rac1 Ne5 21. Qxc8 Qxa4 22. Qc2 Qxc2 23. Rxc2 Nd3 24. Rd1 Rd8 25. f3 f5 26. fxe4 fxe4 27. Rb1 Be5 28. Rb7 Nf4 29. Bxf4 Bxf4 30. Rc4 Re8 31. Rbb4 e3 32. Re4 Be5 33. d6 Rc8 34. Rbc4 Rxc4 35. Rxc4 Bxd6 36. Ra4 a5 37. Rxa5 Bb4 38. Re5 Kf7 39. Kf1 Bd2 40. Ke2 Kf6 41. Re8 1-0

[Event "EWICC 2019"]
[Site "Antalya"]
[Date "2019.04.16"]
[Round "6.30"]
[White "Styazhkina, Anna"]
[Black "Vega Gutierrez, Sabrina"]
[Result "0-1"]
[WhiteElo "2274"]
[BlackElo "2391"]
[Annotator "NA"]
[PlyCount "98"]
[EventDate "2019.04.11"]
[EventType "swiss"]
[EventCountry "TUR"]
[SourceTitle "playchess.com"]
[Source "ChessBase"]
[SourceQuality "1"]

1. e4 c5 2. Nf3 Nc6 3. Bb5 g6 4. Bxc6 dxc6 5. d3 Bg7 6. h3 Nf6 7. Nc3 Nd7 8. Be3 e5 9. Qd2 h6 10. O-O b6 11. a4 Nf8 12. a5 Rb8 13. Nh2 Ne6 14. axb6 axb6 15. Ne2 Nd4 16. Ng3 Qh4 17. Ra7 O-O 18. c3 Nb5 19. Raa1 Kh7 20. Qe1 Be6 21. f4 exf4 22. Bxf4 Rbd8 23. Rd1 Rd7 24. Be3 Rfd8 25. Nf3 Qe7 26. Qe2 Bb3 27. Rd2 Re8 28. Bf4 Qd8 29. h4 f5 30. Re1 Nc7 31. h5 Bf7 32. hxg6+ Bxg6 33. Qf2 fxe4 34. dxe4 Rxd2 35. Bxd2 Rf8 36. Qe3 Qe7 37. Nh2 Qh4 38. Nf5 Bxf5 39. exf5 Rxf5 40. Qd3 Qf2+ 41. Kh1 Kh8 42. c4 Rh5 43. Bc3 Bd4 44. Rd1 Ne6 45. Ra1 Qf4 46. g3 Qf2 47. Ra8+ Kg7 48. Ra7+ Kf6 49. Bxd4+ cxd4 0-1

[Event "EWICC 2019"]
[Site "Antalya"]
[Date "2019.04.16"]
[Round "6.31"]
[White "Rapport, Jovana"]
[Black "Yildiz Kadioglu, Betul Cemre"]
[Result "0-1"]
[WhiteElo "2385"]
[BlackElo "2281"]
[Annotator "NA"]
[PlyCount "118"]
[EventDate "2019.04.11"]
[EventType "swiss"]
[EventCountry "TUR"]
[SourceTitle "playchess.com"]
[Source "ChessBase"]
[SourceQuality "1"]

1. Nf3 d5 2. g3 c5 3. Bg2 Nc6 4. d4 e6 5. O-O Nf6 6. c4 dxc4 7. dxc5 Qxd1 8. Rxd1 Bxc5 9. Nbd2 c3 10. bxc3 O-O 11. Ne1 Rd8 12. Nd3 Bf8 13. Rb1 Nd5 14. Bb2 b6 15. c4 Nde7 16. Ne5 Bb7 17. Nb3 Rxd1+ 18. Rxd1 Rd8 19. Rd7 Bc8 20. Rxd8 Nxd8 21. c5 bxc5 22. Nxc5 Ng6 23. Ned3 f6 24. f4 Bd6 25. h4 Nf8 26. Bd4 Bc7 27. Bf2 Bb6 28. e4 Nd7 29. e5 Nxc5 30. Nxc5 fxe5 31. fxe5 Nf7 32. Nd3 Ba6 33. Nc5 Bc4 34. Nd7 Bxf2+ 35. Kxf2 Bxa2 36. Ke3 Nh6 37. Be4 Nf5+ 38. Kf4 Nd4 39. Nc5 Ne2+ 40. Kf3 Nc3 41. Bc2 a5 42. Ke3 Bd5 43. Na4 Na2 44. Nb6 Nb4 45. Ba4 Kf7 46. Kd4 Nc6+ 47. Kc5 Nxe5 48. Nxd5 exd5 49. Kxd5 Kf6 50. Bc2 h5 51. Ke4 g6 52. Kf4 Nc4 53. Bb3 Nb2 54. g4 a4 55. g5+ Ke7 56. Bg8 Nd3+ 57. Ke3 Ne5 58. Ba2 a3 59. Ke4 Nc6 0-1

[Event "EWICC 2019"]
[Site "Antalya"]
[Date "2019.04.16"]
[Round "6.32"]
[White "Zimina, Olga"]
[Black "Mikadze, Miranda"]
[Result "1-0"]
[WhiteElo "2377"]
[BlackElo "2266"]
[Annotator "NA"]
[PlyCount "99"]
[EventDate "2019.04.11"]
[EventType "swiss"]
[EventCountry "TUR"]
[SourceTitle "playchess.com"]
[Source "ChessBase"]
[SourceQuality "1"]

1. d4 d5 2. c4 c6 3. cxd5 cxd5 4. Bg5 h6 5. Bh4 Qb6 6. Nc3 e6 7. Qd2 Nc6 8. e3 Bd7 9. Bd3 Rc8 10. Nf3 Bd6 11. Bg3 Bxg3 12. hxg3 f5 13. Bb5 Nf6 14. Bxc6 Bxc6 15. Ne5 O-O 16. O-O Rc7 17. Rfc1 Rfc8 18. f3 Qb4 19. a3 Qb3 20. Nd3 Nd7 21. a4 a5 22. Ra3 Qb6 23. Ne2 Nf8 24. Rc5 Be8 25. Nc3 Nd7 26. Rb5 Qd6 27. Rab3 b6 28. Kh2 Rb8 29. Ra3 h5 30. Rbb3 h4 31. Qe1 Nf6 32. Ne5 hxg3+ 33. Qxg3 g6 34. Ra1 Rh7+ 35. Kg1 Rh6 36. Kf2 Kg7 37. Nd3 Qxg3+ 38. Kxg3 g5 39. Rc1 Kf8 40. Nb5 Rh7 41. Ne5 g4 42. Rbc3 gxf3 43. gxf3 Rbb7 44. Nc7 Nh5+ 45. Kg2 Ng7 46. b3 Ke7 47. Na8 Kd6 48. Rc7 Rb8 49. Nf7+ Bxf7 50. R1c6# 1-0

[Event "EWICC 2019"]
[Site "Antalya"]
[Date "2019.04.16"]
[Round "6.33"]
[White "Matnadze, Ana"]
[Black "Chernyak, Viktoria"]
[Result "1-0"]
[WhiteElo "2367"]
[BlackElo "2252"]
[Annotator "NA"]
[PlyCount "62"]
[EventDate "2019.04.11"]
[EventType "swiss"]
[EventCountry "TUR"]
[SourceTitle "playchess.com"]
[Source "ChessBase"]
[SourceQuality "1"]

1. Nf3 d5 2. g3 Nf6 3. Bg2 g6 4. d4 Bg7 5. O-O O-O 6. c4 c6 7. Qb3 Qb6 8. Nc3 Bf5 9. cxd5 Qxb3 10. axb3 cxd5 11. Bg5 Rd8 12. Ne5 Be6 13. Nb5 Na6 14. Rfc1 h6 15. Bd2 Ne4 16. Ba5 Rdc8 17. e3 Bxe5 18. dxe5 Nac5 19. Nd4 Nd3 20. Rxc8+ Rxc8 21. f3 Nef2 22. Bc3 a6 23. Nxe6 fxe6 24. Bf1 Rc6 25. b4 Rc4 26. Be2 g5 27. Rf1 g4 28. fxg4 Re4 29. Rxf2 Nxf2 30. Kxf2 a5 31. Bd4 axb4 1-0

[Event "EWICC 2019"]
[Site "Antalya"]
[Date "2019.04.16"]
[Round "6.34"]
[White "Aghasiyeva, Fidan"]
[Black "Ovod, Evgenija"]
[Result "0-1"]
[WhiteElo "2209"]
[BlackElo "2367"]
[Annotator "NA"]
[PlyCount "62"]
[EventDate "2019.04.11"]
[EventType "swiss"]
[EventCountry "TUR"]
[SourceTitle "playchess.com"]
[Source "ChessBase"]
[SourceQuality "1"]

1. e4 c5 2. Nc3 a6 3. g3 b5 4. Bg2 Bb7 5. d3 e6 6. f4 d5 7. e5 Ne7 8. Nh3 Nf5 9. O-O h5 10. Qe1 c4 11. dxc4 bxc4 12. Nd1 Bc5+ 13. Kh1 Qb6 14. Nc3 Qc7 15. Ng5 Nc6 16. Nxd5 exd5 17. e6 f6 18. Nf7 Rh7 19. Bd2 a5 20. Rd1 Nce7 21. h4 Ra6 22. Kh2 Qc8 23. Bxa5 Rxe6 24. Ne5 fxe5 25. fxe5 Qb8 26. Rf4 Rxe5 27. Re4 Bd6 28. Rxe5 Bxe5 29. Qb4 Bxg3+ 30. Kh3 Bf2 31. Qa3 Ne3 0-1

[Event "EWICC 2019"]
[Site "Antalya"]
[Date "2019.04.16"]
[Round "6.35"]
[White "Narva, Mai"]
[Black "Gajcin, Marina"]
[Result "1-0"]
[WhiteElo "2365"]
[BlackElo "2247"]
[Annotator "NA"]
[PlyCount "92"]
[EventDate "2019.04.11"]
[EventType "swiss"]
[EventCountry "TUR"]
[SourceTitle "playchess.com"]
[Source "ChessBase"]
[SourceQuality "1"]

1. e4 c5 2. Nc3 Nc6 3. Bb5 g6 4. Bxc6 dxc6 5. d3 Bg7 6. f4 c4 7. Nf3 cxd3 8. cxd3 Nf6 9. d4 O-O 10. O-O b5 11. a3 a5 12. h3 Ba6 13. Re1 Qc7 14. b4 Bc8 15. Be3 Be6 16. Qc2 axb4 17. axb4 Nd7 18. Ne5 Nxe5 19. dxe5 Qd7 20. Rad1 Qc8 21. Bc5 Re8 22. Ra1 Qc7 23. Qf2 Bc4 24. Ne2 f6 25. exf6 Bxf6 26. e5 Bg7 27. Ng3 Rf8 28. Rxa8 Rxa8 29. Ne4 Qd7 30. Qh4 Bf8 31. e6 Qc7 32. Nf6+ exf6 33. e7 g5 34. exf8=Q+ Rxf8 35. fxg5 fxg5 36. Qxg5+ Qg7 37. Qxg7+ Kxg7 38. Bxf8+ Kxf8 39. Kf2 Kf7 40. Ke3 Ke6 41. Kd4+ Kf5 42. g3 h5 43. Re5+ Kg6 44. Rc5 Bd5 45. Rxd5 cxd5 46. Kxd5 Kf5 1-0

[Event "EWICC 2019"]
[Site "Antalya"]
[Date "2019.04.16"]
[Round "6.36"]
[White "Beydullayeva, Govhar"]
[Black "Toma, Katarzyna"]
[Result "1-0"]
[WhiteElo "2316"]
[BlackElo "2211"]
[Annotator "NA"]
[PlyCount "108"]
[EventDate "2019.04.11"]
[EventType "swiss"]
[EventCountry "TUR"]
[SourceTitle "playchess.com"]
[Source "ChessBase"]
[SourceQuality "1"]

1. Nf3 Nf6 2. c4 g6 3. Nc3 c5 4. d4 cxd4 5. Nxd4 Bg7 6. e4 Nc6 7. Be3 Ng4 8. Qxg4 Nxd4 9. Qd1 Ne6 10. Qd2 Qa5 11. Rc1 d6 12. Be2 Bd7 13. O-O Bc6 14. f3 g5 15. Rfd1 Be5 16. a3 Bf4 17. Bxf4 gxf4 18. Nd5 Qxd2 19. Rxd2 Rc8 20. b4 Rg8 21. Kf2 Rg5 22. g4 f6 23. h4 Rg7 24. Bf1 Kf7 25. Nc3 h5 26. c5 dxc5 27. b5 Be8 28. Bc4 a6 29. a4 axb5 30. axb5 Ra8 31. Ne2 Ra4 32. Bxe6+ Kxe6 33. Nxf4+ Kf7 34. Nxh5 Rh7 35. Rxc5 Rb4 36. Rc8 Bxb5 37. Rdd8 Rc4 38. Rb8 Bc6 39. Rf8+ Ke6 40. Rbd8 Ke5 41. Ke3 Rc3+ 42. Rd3 Rxd3+ 43. Kxd3 Bd7 44. Rb8 Bc6 45. Rd8 Rh6 46. Ke3 Ke6 47. Nf4+ Kf7 48. h5 e5 49. Ng6 Ke6 50. f4 exf4+ 51. Kxf4 Ba4 52. e5 fxe5+ 53. Kg5 Rh7 54. Ra8 Kd5 1-0

[Event "EWICC 2019"]
[Site "Antalya"]
[Date "2019.04.16"]
[Round "6.37"]
[White "Hernandez Estevez, Yudania"]
[Black "Garcia Martin, Marta"]
[Result "1-0"]
[WhiteElo "2198"]
[BlackElo "2315"]
[Annotator "NA"]
[PlyCount "53"]
[EventDate "2019.04.11"]
[EventType "swiss"]
[EventCountry "TUR"]
[SourceTitle "playchess.com"]
[Source "ChessBase"]
[SourceQuality "1"]

1. e4 e5 2. Nf3 Nc6 3. Bb5 a6 4. Ba4 d6 5. O-O Bg4 6. Bxc6+ bxc6 7. d4 exd4 8. Qxd4 Bxf3 9. gxf3 Ne7 10. Nc3 Qd7 11. Qe3 g5 12. Kh1 Bh6 13. Ne2 Ng6 14. Rg1 Ne5 15. Rg3 c5 16. b4 Bg7 17. Rb1 Qb5 18. Rb3 cxb4 19. Nd4 Qf1+ 20. Rg1 Qh3 21. Qxg5 Ng6 22. Qd5 O-O 23. f4 c6 24. Qg5 Qd7 25. Nf5 f6 26. Qh5 Rf7 27. Rh3 1-0